| 000 | 00808cam a2200241 4500 | ||
|---|---|---|---|
| 001 | WB3647-34 | ||
| 008 | 000000n2000 000 0 eng u | ||
| 035 | _a(Sirsi) u109622 | ||
| 245 | _aRural White Paper a mixed bag, says RICS | ||
| 260 | _c2000 | ||
| 490 |
_aRICS Press Release _v(138) 29 November 2000, (2) |
||
| 520 | _aRICS reaction to the government's rural white paper. RICS considers that the rural white paper goes some way to improve rural services but fails to tackle fundamental issues such as agriculture. | ||
| 590 | _aWB | ||
| 650 | _aRURAL WHITE PAPER | ||
| 650 | _aRURAL COMMUNITIES | ||
| 650 | _aRURAL SERVICES | ||
| 650 | _aAGRICULTURE | ||
| 650 | _aRURAL REGENERATION | ||
| 650 | _aHOUSING DEVELOPMENTS | ||
| 650 | _aFLOOD PLAINS | ||
| 690 |
_aRural _96268 |
||
| 942 | _n0 | ||
| 999 |
_c65442 _d65442 |
||